Statystyki dla Fifa 22 zawodnicy, którzy mogą mieć ikonę.

Kliknij tutaj aby rozwiązać quiz!

Ogólne statystyki

  • Ten quiz został rozwiązany 176 razy
  • Średni wynik to 7 z 42

Statystyki odpowiedzi

Narodowość pozycjaodpowiedź% Poprawnych
Polska ŚPOBoniek
68%
Polska BRDudek
64%
Polska ŚPODeyna
54%
Polska PNLato
49%
Niemcy ŚOBeckenbauer
39%
Kolumbia/Hiszpania/Argentyna NDi Stefano
39%
Niemcy NMuller
34%
WKS ŚPToure
32%
Hiszpania NVilla
31%
Urugwaj NForlan
28%
Niemcy NGomez
21%
Polska NLubański
20%
Brazylia NRomario
20%
Polska NSmolarek
19%
Polska NSzarmach
19%
Niemcy BRKahn
18%
Anglia NRooney
18%
Polska BRMłynarczyk
17%
Włochy ŚNTotti
14%
Włochy NDi Natale
13%
Brazylia ŚPOZico
13%
Brazylia ŚOLucio
11%
Argentyna NBatistuta
10%
Włochy BRZoff
10%
Argentyna NMilito
9%
Anglia ŚPOCharlton
8%
Holandia LOVan Bronckhorst
7%
Czechy/Austria NBican
6%
Argentyna NKempes
6%
Włochy NToni
6%
Włochy NMeazza
5%
Anglia ŚOTerry
5%
Argentyna ŚNMoreno
3%
Niemcy LSRumenigge
3%
Węgry/Czechy ŚPOKubala
2%
Argentyna ŚOPassarella
2%
Urugwaj ŚPDAndrade
1%
Argentyna PSHouseman
1%
Holandia ŚPNeukens
1%
Szwecja NNordhal
1%
Niemcy PSRahn
1%
Brazylia ŚPORivelino
1%

Rozkład punktacji

Percentyl według liczby udzielonych odpowiedzi

Procent ludzi z każdym wynikiem

Twoja historia wyników

Nie rozwiązałeś tego quizu